| 000 | 00702cam a22002531 4500 | ||
|---|---|---|---|
| 001 | 1157 | ||
| 003 | BD-RjUL | ||
| 005 | 20211208233302.0 | ||
| 008 | 131124s1948 nyu b 001 0 eng d | ||
| 035 | _a(BD-RjUL)1179 | ||
| 035 | _a(OCoLC)1409420 | ||
| 040 |
_aDLC _cOTU _dIDeKN _dOCoLC _dDLC _dBD-RjUL _beng |
||
| 041 | _aeng | ||
| 082 |
_220 _a100 _bWAP 1948 |
||
| 100 | 1 |
_aWahl, Jean, _d1888-1974. _93425 |
|
| 245 | 1 | 4 |
_aThe philosopher's way / _cJean Wahl |
| 260 |
_aNew York : _bOxford Univ. Press, _c1948. |
||
| 300 |
_axiv, 334 p. _c23 cm. |
||
| 504 | _a"Selected bibliography": p. 325-328. | ||
| 504 | _aIncludes index. | ||
| 650 | 0 |
_aPhilosophy. _93426 |
|
| 942 |
_2ddc _cBK |
||
| 999 |
_c1157 _d1157 |
||